000 01001cam a2200313 i 4500
001 25457
003 BD-RjUL
005 20211209050901.0
008 140318s1976 yu b 001 0 eng
035 _a(BD-RjUL)25527
040 _aDLC
_cDLC
_dDLC
_dBD-RjUL
_beng
041 1 _aengscr
082 0 0 _a329.9497
_bVLS
100 1 _aVlahović, Veljko.
_978277
245 1 0 _aSocial consciousness and reality /
_cVeljko Vlahović.
260 _aBeograd :
_bKomunist,
_c1976.
300 _a340 p. ;
_c20 cm.
490 0 _aBook series - Socialist Thought and Practice
500 _aTranslation of Svijest i stvarni život.
504 _aIncludes Bibliography: p. 329-332 and index.
610 2 0 _aSavez komunista Jugoslavije
_978290
650 0 _aMinorities
_zYugoslavia.
_978279
650 0 _aCommunism.
_978280
651 0 _aYugoslavia
_xPolitics and government
_y1945-1980.
_978281
942 _2ddc
_cBK
999 _c25457
_d25457